Economics

Wedi'i Gadw mewn:
Manylion Llyfryddiaeth
Prif Awdur: LLoyd G. Reynolds
Fformat: Llyfr
Iaith:Undetermined
Cyhoeddwyd: ILLinois HomeWood 1966
Pynciau:
Tagiau: Ychwanegu Tag
Dim Tagiau, Byddwch y cyntaf i dagio'r cofnod hwn!
Thư viện lưu trữ: Trung tâm Học liệu Trường Đại học Cần Thơ
LEADER 00442nam a2200181Ia 4500
001 CTU_75022
008 210402s9999 xx 000 0 und d
082 |a 330 
082 |b R463 
100 |a LLoyd G. Reynolds 
245 0 |a Economics 
245 0 |c LLoyd G. Reynolds 
260 |a ILLinois 
260 |b HomeWood 
260 |c 1966 
650 |a economics 
904 |i Vương 
980 |a Trung tâm Học liệu Trường Đại học Cần Thơ